[Event "Politiken Cup 2007"]
[Site "Helsingor"]
[Date "2007.07.28"]
[Round "9.5"]
[White "Khenkin, Igor"]
[Black "Lie, Kjetil A"]
[Result "1-0"]
[WhiteElo "2602"]
[BlackElo "2536"]
[PlyCount "86"]
[EventDate "2007.??.??"]

1. d4 Nf6 2. Nf3 g6 3. c4 Bg7 4. Nc3 O-O 5. e4 d6 6. h3 c5 7. d5 e6 8. Bd3 exd5
9. exd5 Qe7+ 10. Qe2 Re8 11. Qxe7 Rxe7+ 12. Kd1 Bf5 13. Bxf5 gxf5 14. Nh4 Ne4
15. Rf1 Bxc3 16. bxc3 Nxc3+ 17. Kc2 Ne2 18. Nxf5 Re5 19. Nxd6 Nd4+ 20. Kd1 Nd7
21. Be3 Nb6 22. Re1 Nf5 23. Nxf5 Rxf5 24. Rc1 Nd7 25. Kc2 a6 26. a4 b5 27. axb5
axb5 28. cxb5 Nb6 29. Bxc5 Nxd5 30. Kb3 Rb8 31. Kc4 Rc8 32. Kd4 Nc7 33. Ke4 Rf6
34. b6 Nb5 35. Be3 Nc3+ 36. Ke5 Kg7 37. b7 Re8+ 38. Kd4 Nb5+ 39. Kc5 Nd6 40.
Bd4 Nxb7+ 41. Kb4 Rd8 42. Bxf6+ Kxf6 43. Rc6+ Kg7 1-0

[Event "Politiken Cup 2007"]
[Site "Helsingor"]
[Date "2007.07.28"]
[Round "9.7"]
[White "Pedersen, Christian Kyndel"]
[Black "Stripunsky, Alexander"]
[Result "1/2-1/2"]
[WhiteElo "2392"]
[BlackElo "2589"]
[PlyCount "87"]
[EventDate "2007.??.??"]

1. e4 c5 2. Nf3 e6 3. d4 cxd4 4. Nxd4 a6 5. Bd3 Ne7 6. O-O Nbc6 7. Nxc6 Nxc6 8.
f4 b5 9. a4 b4 10. Nd2 Bb7 11. e5 d6 12. exd6 Bxd6 13. Ne4 Be7 14. Be3 Qd5 15.
f5 Nd4 16. Bxd4 Qxd4+ 17. Kh1 O-O 18. fxe6 f5 19. Ng3 g6 20. Bxf5 Qh4 21. Qg4
Rae8 22. Qxh4 Bxh4 23. Bd3 Bf6 24. Bc4 Kg7 25. Rad1 Re7 26. b3 a5 27. Kg1 Rc8
28. Rf4 Rcc7 29. Rdf1 Be5 30. Rf7+ Rxf7 31. Rxf7+ Rxf7 32. exf7 Bxg3 33. hxg3
h5 34. Kf2 g5 35. Be2 Be4 36. Bd3 Bc6 37. Bg6 Bd5 38. Ke3 h4 39. gxh4 gxh4 40.
Kf2 Kf8 41. Bh5 Ke7 42. Bg6 Kf8 43. Bh5 Ke7 44. Bg6 1/2-1/2

[Event "Politiken Cup 2007"]
[Site "Helsingor"]
[Date "2007.07.28"]
[Round "9.8"]
[White "Hillarp Persson, Tiger"]
[Black "Hammer, Jon Ludvig"]
[Result "1/2-1/2"]
[WhiteElo "2568"]
[BlackElo "2412"]
[PlyCount "145"]
[EventDate "2007.??.??"]

1. d4 Nf6 2. c4 e6 3. Nc3 Bb4 4. Qc2 d5 5. a3 Bxc3+ 6. Qxc3 Ne4 7. Qc2 c5 8.
dxc5 Nc6 9. cxd5 exd5 10. Nf3 Qf6 11. e3 Bg4 12. Be2 O-O 13. Bd2 Rac8 14. O-O
b6 15. Bc3 Nxc3 16. Qxc3 Qxc3 17. bxc3 bxc5 18. Rfd1 Be6 19. Ng5 h6 20. Nxe6
fxe6 21. Rab1 Rb8 22. Rb5 Rxb5 23. Bxb5 Ne5 24. f4 Rb8 25. a4 Nc4 26. e4 Nd6
27. exd5 Nxb5 28. axb5 exd5 29. Rxd5 Rxb5 30. c4 Rb2 31. Rxc5 Rc2 32. h4 g6 33.
Kh2 a5 34. h5 gxh5 35. Rxh5 Rxc4 36. Kg3 Kg7 37. Rxa5 Rc2 38. Kf3 Kg6 39. Ra6+
Kg7 40. Ra7+ Kf6 41. Kg3 Rc1 42. Kg4 Rg1 43. g3 Rg2 44. Rb7 Rg1 45. Rd7 Rg2 46.
Kf3 Rg1 47. Rd6+ Kg7 48. g4 Re1 49. Rd7+ Kf6 50. Rd6+ Kg7 51. Rd5 Kf6 52. Rf5+
Kg6 53. Re5 Rf1+ 54. Ke4 Rg1 55. Kf3 Rf1+ 56. Kg3 Rg1+ 57. Kh3 Rf1 58. Re6+ Kg7
59. Kg3 Kh7 60. Rd6 Kg7 61. Rd4 Rg1+ 62. Kf3 Kf6 63. Rd6+ Kg7 64. Re6 Kh7 65.
Re7+ Kg8 66. Rd7 Kh8 67. f5 Ra1 68. Kf4 Ra4+ 69. Kg3 Ra1 70. Kf3 Ra3+ 71. Ke4
Ra4+ 72. Rd4 Ra5 73. Rd5 1/2-1/2

[Event "Politiken Cup 2007"]
[Site "Helsingor"]
[Date "2007.07.28"]
[Round "9.10"]
[White "Schandorff, Lars"]
[Black "Tuominen, Risto"]
[Result "1-0"]
[WhiteElo "2521"]
[BlackElo "2272"]
[PlyCount "75"]
[EventDate "2007.??.??"]

1. d4 Nf6 2. Nf3 d5 3. c4 e6 4. Nc3 Bb4 5. cxd5 exd5 6. Bg5 O-O 7. e3 c5 8. Bd3
c4 9. Bc2 Nbd7 10. O-O Bxc3 11. bxc3 Re8 12. Nd2 Qa5 13. Qc1 Ne4 14. Bxe4 dxe4
15. Bf4 Nb6 16. Qc2 Bf5 17. Rfb1 Rac8 18. a4 Bd7 19. Bg3 h5 20. Rb4 Qa6 21.
Nxe4 Nd5 22. Ng5 Qh6 23. Rxb7 Bc6 24. Nxf7 Qe6 25. Rxa7 Nxe3 26. fxe3 Qxe3+ 27.
Bf2 Qd3 28. Qxd3 cxd3 29. Nd6 Ra8 30. Rc7 Rxa4 31. Rd1 Re2 32. Rxc6 Raa2 33.
Rc8+ Kh7 34. Rf8 Rac2 35. Kf1 Re6 36. Nc4 Re4 37. Rf3 Rxc3 38. Ne5 1-0

[Event "Politiken Cup 2007"]
[Site "Helsingor"]
[Date "2007.07.28"]
[Round "9.11"]
[White "Holzke, Frank"]
[Black "Bae, Torstein"]
[Result "1-0"]
[WhiteElo "2489"]
[BlackElo "2364"]
[PlyCount "57"]
[EventDate "2007.??.??"]

1. e4 c6 2. d4 d5 3. Nc3 dxe4 4. Nxe4 Nd7 5. Ng5 Ngf6 6. Bd3 e6 7. N1f3 Bd6 8.
Qe2 h6 9. Ne4 Nxe4 10. Qxe4 Nf6 11. Qe2 Qc7 12. Bd2 b6 13. O-O-O c5 14. dxc5
Qxc5 15. Bb5+ Kf8 16. a3 Nd5 17. Bb4 Nxb4 18. axb4 Qc7 19. Rd4 Bb7 20. Rhd1 Rd8
21. Kb1 Ke7 22. Nh4 Kf6 23. f4 Be7 24. Rd7 Rxd7 25. Rxd7 Qxf4 26. g3 Qe4 27.
Qf1+ Ke5 28. Rxe7 g5 29. Rxf7 1-0

[Event "Politiken Cup 2007"]
[Site "Helsingor"]
[Date "2007.07.28"]
[Round "9.12"]
[White "Hirneise, Tobias"]
[Black "Brynell, Stellan"]
[Result "0-1"]
[WhiteElo "2293"]
[BlackElo "2470"]
[PlyCount "100"]
[EventDate "2007.??.??"]

1. e4 e6 2. d4 d5 3. Nc3 Bb4 4. e5 Qd7 5. a3 Bxc3+ 6. bxc3 b6 7. Qg4 f5 8. Qg3
Ba6 9. Bxa6 Nxa6 10. Ne2 O-O-O 11. Nf4 Nb8 12. a4 Nc6 13. Ba3 Na5 14. Bb4 Nc4
15. a5 g6 16. Qg5 Re8 17. h4 Ne7 18. h5 Nc6 19. axb6 cxb6 20. hxg6 hxg6 21. Rh6
a5 22. Ba3 Nd8 23. Rxh8 Rxh8 24. Nh3 Qa4 25. Qc1 Nf7 26. Be7 Qc6 27. Bf6 Rh7
28. Kf1 Kb7 29. Kg1 Qe8 30. Qf4 Qg8 31. f3 Rh5 32. Bg5 Qe8 33. Bf6 Qf8 34. Kf2
Qg8 35. Bg5 Ka6 36. Qg3 Kb5 37. Rb1+ Kc6 38. Ra1 Kd7 39. Rb1 Qh7 40. Rd1 Nxg5
41. Nxg5 Qh6 42. f4 Rh4 43. Nh3 Rg4 44. Qf3 Rh4 45. Ke2 a4 46. Ra1 a3 47. Ra2
Rg4 48. Ra1 Qh4 49. Qf2 Rg3 50. Ng5 Qg4+ 0-1

[Event "Politiken Cup 2007"]
[Site "Helsingor"]
[Date "2007.07.28"]
[Round "9.13"]
[White "Olsen, Heini"]
[Black "Rasmussen, Allan Stig"]
[Result "1/2-1/2"]
[WhiteElo "2350"]
[BlackElo "2450"]
[PlyCount "39"]
[EventDate "2007.??.??"]

1. Nf3 d5 2. d4 Nf6 3. c4 dxc4 4. e3 e6 5. Bxc4 c5 6. O-O a6 7. b3 cxd4 8. Nxd4
Bd6 9. Bb2 O-O 10. Nd2 Qe7 11. Be2 Rd8 12. Qc2 Bd7 13. Nc4 Bc5 14. Rac1 Be8 15.
Bf3 Ra7 16. Rfd1 a5 17. Ne5 Bd6 18. Nc4 Bc5 19. Ne5 Bd6 20. Nc4 1/2-1/2

[Event "Politiken Cup 2007"]
[Site "Helsingor"]
[Date "2007.07.28"]
[Round "9.14"]
[White "Hector, Jonny"]
[Black "Larsen, Karsten"]
[Result "1-0"]
[WhiteElo "2550"]
[BlackElo "2325"]
[PlyCount "45"]
[EventDate "2007.??.??"]

1. d4 g6 2. e4 Bg7 3. Nc3 d6 4. f4 Nd7 5. Nf3 e6 6. Be3 a6 7. Bd3 b5 8. a4 b4
9. Ne2 a5 10. c3 c5 11. Bb5 Ba6 12. Bxd7+ Qxd7 13. dxc5 bxc3 14. Nxc3 d5 15.
Bd4 f6 16. exd5 exd5 17. c6 Qxc6 18. Rc1 Rc8 19. Kf2 Ne7 20. Re1 Kf7 21. Nb5
Qd7 22. Bc5 Nf5 23. Nd6+ 1-0

[Event "Politiken Cup 2007"]
[Site "Helsingor"]
[Date "2007.07.28"]
[Round "9.15"]
[White "Thorhallsson, Throstur"]
[Black "Blomqvist, Erik"]
[Result "0-1"]
[WhiteElo "2461"]
[BlackElo "2313"]
[PlyCount "82"]
[EventDate "2007.??.??"]

1. e4 c5 2. Nf3 d6 3. d4 cxd4 4. Nxd4 Nf6 5. Nc3 a6 6. Bg5 e6 7. f4 Qb6 8. Qd2
Qxb2 9. Rb1 Qa3 10. e5 dxe5 11. fxe5 Nfd7 12. Ne4 h6 13. Bh4 Qxa2 14. Rd1 Qd5
15. Qe3 Qxe5 16. Be2 Bc5 17. Bg3 Bxd4 18. Rxd4 Qa5+ 19. Rd2 O-O 20. Bd6 Rd8 21.
Qg3 Nc6 22. O-O f5 23. Bc4 fxe4 24. Bxe6+ Kh8 25. Rd5 Qb6+ 26. Kh1 Nf6 27. Bc7
Nxd5 28. Bxb6 Nxb6 29. Bb3 Bf5 30. h3 Nd4 31. Qc7 Nd7 32. Bd5 Rac8 33. Qa5 Nc5
34. c4 e3 35. Qc3 e2 36. Re1 Nd3 37. Qxd4 Nxe1 38. Qd2 Bd3 39. Qxe1 Rxd5 40.
cxd5 Rf8 41. Kh2 Rf1 0-1

[Event "Politiken Cup 2007"]
[Site "Helsingor"]
[Date "2007.07.28"]
[Round "9.16"]
[White "Holm, Sejer"]
[Black "Karttunen, Mika"]
[Result "0-1"]
[WhiteElo "2262"]
[BlackElo "2447"]
[PlyCount "112"]
[EventDate "2007.??.??"]

1. d4 d5 2. c4 c6 3. Nf3 Nf6 4. Nc3 dxc4 5. a4 Bf5 6. e3 e6 7. Bxc4 Bb4 8. O-O
O-O 9. Qe2 Bg6 10. Rd1 Nbd7 11. h3 Qa5 12. Bd2 e5 13. Na2 Bxd2 14. Qxd2 Qxd2
15. Rxd2 exd4 16. Rxd4 a5 17. Nc3 Rfe8 18. Nh4 Nc5 19. Nxg6 hxg6 20. Rad1 Kf8
21. h4 Rac8 22. g3 Rc7 23. Kg2 Nfd7 24. Be2 Nb6 25. g4 Ne6 26. Rd6 g5 27. hxg5
Nxg5 28. R1d4 Ne6 29. Rd2 Nc5 30. R2d4 Ke7 31. Nb5 Rcc8 32. Nc3 Ra8 33. Rd1
Red8 34. R6d4 Rxd4 35. Rxd4 Rd8 36. Bd1 Rxd4 37. exd4 Ne6 38. Ne2 Nc4 39. b3
Nb6 40. f4 Nd5 41. Kf3 g5 42. f5 Nec7 43. Nc1 Nb4 44. Be2 Nc2 45. Ke4 Nd5 46.
Kd3 Ncb4+ 47. Kd2 Kd6 48. Nd3 Nxd3 49. Bxd3 c5 50. dxc5+ Kxc5 51. Be4 Kd4 52.
Bf3 b6 53. Be2 f6 54. Bf3 Nc3 55. Bc6 Ne4+ 56. Kd1 Nf2+ 0-1

[Event "Politiken Cup 2007"]
[Site "Helsingor"]
[Date "2007.07.28"]
[Round "9.17"]
[White "Skytte, Rasmus"]
[Black "Kjartansson, Gudmundur"]
[Result "1-0"]
[WhiteElo "2416"]
[BlackElo "2306"]
[PlyCount "141"]
[EventDate "2007.??.??"]

1. Nf3 Nf6 2. b3 d5 3. Bb2 Bf5 4. e3 e6 5. d4 Nbd7 6. Nbd2 Bd6 7. Be2 O-O 8.
O-O c6 9. c4 Ne4 10. Ne5 f6 11. Nxd7 Qxd7 12. Bf3 Ng5 13. Bg4 e5 14. Bxf5 Qxf5
15. Qb1 Qe6 16. h4 Nf7 17. e4 exd4 18. exd5 cxd5 19. Bxd4 Qg4 20. Nf3 dxc4 21.
bxc4 b6 22. Qb3 Rac8 23. Rad1 Rc7 24. Rd3 Rfc8 25. Rc1 Bc5 26. Rcd1 Bf8 27. Rc3
Kh8 28. Be3 Nd6 29. Rd4 Qe6 30. Bf4 Rc6 31. Bxd6 Bxd6 32. Rcd3 Bc7 33. Re3 Qf7
34. Qd3 Re6 35. Rd7 Rxe3 36. fxe3 Qe8 37. Kf2 h6 38. Qd5 Rd8 39. Rxd8 Qxd8 40.
Nd4 Qe8 41. h5 Be5 42. g4 Bxd4 43. exd4 Qb8 44. Kf3 Qh2 45. Qa8+ Kh7 46. Qe4+
Kh8 47. Qe2 Qd6 48. d5 Qa3+ 49. Kg2 Qa4 50. Kf3 Qa3+ 51. Kf2 a6 52. Kg2 Qa4 53.
Kg3 Qa3+ 54. Kg2 Qa4 55. Kh3 b5 56. cxb5 axb5 57. Qd3 Qa8 58. d6 Qh1+ 59. Kg3
Qg1+ 60. Kf3 Qh1+ 61. Kf4 Qh2+ 62. Ke3 Qg3+ 63. Kd2 Qf2+ 64. Kc3 Qxa2 65. d7
Qa3+ 66. Kd2 Qb4+ 67. Ke3 Qe1+ 68. Kf4 Qb4+ 69. Kf5 Qc5+ 70. Kg6 Qg5+ 71. Kf7
1-0

[Event "Politiken Cup 2007"]
[Site "Helsingor"]
[Date "2007.07.28"]
[Round "9.18"]
[White "Lund, Esben"]
[Black "Teplyi, Igor"]
[Result "1/2-1/2"]
[WhiteElo "2396"]
[BlackElo "2250"]
[PlyCount "92"]
[EventDate "2007.??.??"]

1. d4 d5 2. c4 e6 3. Nc3 Bb4 4. e3 Nf6 5. Bd3 O-O 6. Nf3 c5 7. O-O Nc6 8. a3
Bxc3 9. bxc3 dxc4 10. Bxc4 Qc7 11. Ba2 b6 12. Qe2 a5 13. Rd1 Ba6 14. c4 Rac8
15. Bb2 Rfd8 16. Rac1 Ne7 17. Ne5 Ng6 18. Nxg6 hxg6 19. Qf3 cxd4 20. exd4 Qe7
21. Re1 Qd7 22. Qh3 b5 23. c5 Re8 24. Bc3 a4 25. Qh4 Nd5 26. Bxd5 Qxd5 27. Re5
Qd8 28. Qg4 Bb7 29. h4 Bd5 30. h5 gxh5 31. Rxh5 Qf6 32. Bd2 Qg6 33. Rg5 Qh7 34.
Rc3 f6 35. Rg6 Kf7 36. Rg3 Rg8 37. Qe2 Qxg6 38. Rxg6 Kxg6 39. Qxb5 Rb8 40. Qxa4
Rb1+ 41. Kh2 Rb3 42. f3 Ra8 43. Ba5 Rc3 44. Qb4 Rb3 45. Qa4 Rc3 46. Qb4 Rb3
1/2-1/2

[Event "Politiken Cup 2007"]
[Site "Helsingor"]
[Date "2007.07.28"]
[Round "9.19"]
[White "Zhao, Parker"]
[Black "Zude, Erik Dr"]
[Result "0-1"]
[WhiteElo "2180"]
[BlackElo "2399"]
[PlyCount "106"]
[EventDate "2007.??.??"]

1. e4 e6 2. d3 d5 3. Nd2 Nf6 4. Ngf3 Be7 5. g3 c5 6. Bg2 Nc6 7. O-O O-O 8. e5
Ng4 9. Re1 f6 10. exf6 Bxf6 11. c3 Nh6 12. Nb3 b6 13. Bxh6 gxh6 14. d4 Qd6 15.
Qd2 a5 16. Qe3 c4 17. Nc1 Bg7 18. Ne2 Ra7 19. Nf4 Raf7 20. Re2 Rxf4 21. gxf4
Qxf4 22. Qxf4 Rxf4 23. Rae1 Kf7 24. Re3 Ke7 25. Nd2 Kd6 26. Rg3 Rf7 27. Rf3 Re7
28. Nf1 Bd7 29. Rfe3 b5 30. Ng3 b4 31. Bh3 Bh8 32. Kg2 Bf6 33. f4 Nd8 34. f5 e5
35. dxe5+ Rxe5 36. Rxe5 Bxe5 37. Ne2 Nf7 38. Kf2 Ng5 39. Bg2 Bxf5 40. Rd1 Ne4+
41. Bxe4 Bxe4 42. h3 Bc2 43. Rg1 Bd3 44. Nd4 a4 45. Ke3 a3 46. b3 bxc3 47. Rc1
Bg6 48. b4 c2 49. Rf1 Bd3 50. Rh1 Bf6 51. Nb5+ Ke5 52. Nxa3 Bg5+ 53. Kf2 c1=Q
0-1

[Event "Politiken Cup 2007"]
[Site "Helsingor"]
[Date "2007.07.28"]
[Round "9.20"]
[White "Bulski, Krzysztof"]
[Black "Aabling-Thomsen, Jakob"]
[Result "1-0"]
[WhiteElo "2396"]
[BlackElo "2242"]
[PlyCount "39"]
[EventDate "2007.??.??"]

1. e4 g6 2. d4 Bg7 3. Nc3 d6 4. f4 a6 5. Nf3 b5 6. Bd3 Nd7 7. e5 c5 8. Be3 Bb7
9. Be4 Bxe4 10. Nxe4 Nh6 11. dxc5 dxe5 12. c6 Nf6 13. Nxf6+ Bxf6 14. fxe5 Bg7
15. Qxd8+ Rxd8 16. Bb6 Rc8 17. O-O-O O-O 18. c7 Ng4 19. Rhe1 f6 20. Rd8 1-0

[Event "Politiken Cup 2007"]
[Site "Helsingor"]
[Date "2007.07.28"]
[Round "9.24"]
[White "Zelbel, Patrick"]
[Black "Ivanov, Mikhail M"]
[Result "0-1"]
[WhiteElo "2193"]
[BlackElo "2455"]
[PlyCount "126"]
[EventDate "2007.??.??"]

1. e4 e5 2. Nf3 Nc6 3. Bb5 a6 4. Ba4 Nf6 5. O-O b5 6. Bb3 Bc5 7. a4 Bb7 8. d3
O-O 9. Nc3 Na5 10. Ba2 b4 11. Ne2 d5 12. exd5 Bxd5 13. Bxd5 Qxd5 14. Ng3 Rfe8
15. Bg5 Re6 16. Re1 Nc6 17. Ne4 Nxe4 18. dxe4 Qxd1 19. Raxd1 Nd4 20. Nxd4 Bxd4
21. b3 Rc6 22. Re2 f6 23. Be3 Bxe3 24. fxe3 Rd6 25. Rxd6 cxd6 26. Rd2 Rd8 27.
Rd3 Kf7 28. c3 bxc3 29. Rxc3 Rb8 30. Kf2 Ke6 31. Rc6 a5 32. Ra6 Rxb3 33. Rxa5
Rb4 34. Kf3 h5 35. Ra7 g5 36. h3 Rb3 37. Rh7 g4+ 38. Kf2 gxh3 39. gxh3 Rb4 40.
Kf3 Rxa4 41. Rxh5 Ra8 42. Rh7 Rf8 43. Kg4 Rg8+ 44. Kf3 d5 45. exd5+ Kxd5 46.
Rh4 Ra8 47. Rb4 Ra3 48. Rb1 f5 49. Rd1+ Ke6 50. Rb1 f4 51. Re1 Kf5 52. Kf2 e4
53. exf4 Kxf4 54. h4 e3+ 55. Kg2 Ra2+ 56. Kh3 Kf3 57. h5 Kf2 58. Rh1 Ra4 59. h6
e2 60. h7 Ra8 61. Kg4 Rh8 62. Rh2+ Kf1 63. Rh1+ Kg2 0-1

[Event "Politiken Cup 2007"]
[Site "Helsingor"]
[Date "2007.07.28"]
[Round "9.25"]
[White "Pedersen, Henrik B"]
[Black "Sorensen, Torben"]
[Result "1/2-1/2"]
[WhiteElo "2189"]
[BlackElo "2375"]
[PlyCount "57"]
[EventDate "2007.??.??"]

1. e4 c5 2. Nf3 g6 3. Nc3 Bg7 4. g3 Nc6 5. Bg2 e6 6. O-O Nge7 7. d3 O-O 8. Be3
Nd4 9. Ne2 Nxf3+ 10. Bxf3 b6 11. d4 cxd4 12. Bxd4 Bxd4 13. Nxd4 Ba6 14. Re1 Rc8
15. c3 e5 16. Nc2 Bb7 17. Qd6 f6 18. Rad1 Rc7 19. Ne3 Nc8 20. Qd3 Qe7 21. Bg4
Rf7 22. Nd5 Bxd5 23. Qxd5 Kg7 24. Rd2 Qc5 25. Red1 Qxd5 26. Rxd5 f5 27. exf5
gxf5 28. Be2 Re7 29. Ba6 1/2-1/2

[Event "Politiken Cup 2007"]
[Site "Helsingor"]
[Date "2007.07.28"]
[Round "9.26"]
[White "Nielsen, Jan Mose"]
[Black "Olsson, Linus"]
[Result "0-1"]
[WhiteElo "2175"]
[BlackElo "2377"]
[PlyCount "36"]
[EventDate "2007.??.??"]

1. e4 c5 2. Nf3 d6 3. d4 cxd4 4. Nxd4 Nf6 5. Nc3 a6 6. Be3 e5 7. Nb3 Be6 8. f3
Be7 9. g4 d5 10. Bc5 d4 11. Bxe7 Qxe7 12. Ne2 Nc6 13. Ng3 O-O 14. Nf5 Bxf5 15.
exf5 Nd5 16. h4 e4 17. a3 exf3+ 18. Kd2 Qe3# 0-1

[Event "Politiken Cup 2007"]
[Site "Helsingor"]
[Date "2007.07.28"]
[Round "9.27"]
[White "Rasmussen, Casper"]
[Black "Smeele, Frank"]
[Result "1-0"]
[WhiteElo "2351"]
[BlackElo "2173"]
[PlyCount "77"]
[EventDate "2007.??.??"]

1. Nf3 d5 2. d4 g6 3. c4 c6 4. Nc3 Nf6 5. Bg5 Nbd7 6. cxd5 cxd5 7. Rc1 Bg7 8.
e3 O-O 9. Bd3 a6 10. O-O b6 11. a4 Bb7 12. Qc2 Re8 13. Na2 Rc8 14. Qe2 Nb8 15.
Bf4 Qd7 16. b3 a5 17. Bb5 Nc6 18. Ne5 Qe6 19. Nxc6 Bxc6 20. Bxc6 Rxc6 21. Rxc6
Qxc6 22. Rc1 Qe6 23. Qa6 h6 24. h3 g5 25. Bc7 Nd7 26. Qb7 Kh7 27. Nc3 Bf8 28.
Nxd5 f5 29. Qc6 Qxc6 30. Rxc6 Rc8 31. Rc4 Kg8 32. Nxb6 Rxc7 33. Rxc7 Nxb6 34.
Rc5 e6 35. Rxa5 Nd5 36. Rb5 f4 37. a5 fxe3 38. fxe3 Bb4 39. Rxd5 1-0

[Event "Politiken Cup 2007"]
[Site "Helsingor"]
[Date "2007.07.28"]
[Round "9.28"]
[White "Nithander, Victor"]
[Black "Gretarsson, Hjorvar Stein"]
[Result "0-1"]
[WhiteElo "2357"]
[BlackElo "2168"]
[PlyCount "133"]
[EventDate "2007.??.??"]

1. e4 c5 2. Nf3 Nc6 3. d4 cxd4 4. Nxd4 Nf6 5. Nc3 d6 6. Bg5 Qb6 7. Nb3 e6 8.
Be2 a6 9. O-O Be7 10. a4 Ne5 11. a5 Qc7 12. Be3 Nc4 13. Bxc4 Qxc4 14. Ra4 Qc6
15. Qe2 d5 16. exd5 Nxd5 17. Rc4 Nxc3 18. Rxc3 Qb5 19. Qg4 Qf5 20. Qxf5 exf5
21. Bc5 Be6 22. Bxe7 Kxe7 23. Rc7+ Kf6 24. Nd4 Rab8 25. f4 Rhc8 26. Rxc8 Rxc8
27. Ra1 h6 28. Kf2 g5 29. g3 g4 30. Ra4 h5 31. c3 Bd5 32. Rb4 Be4 33. Nb3 Ke7
34. Ke3 h4 35. gxh4 Rh8 36. Nc5 Bc6 37. Nxb7 Rxh4 38. Rb6 Rh3+ 39. Kd4 Bf3 40.
Nd6 Rxh2 41. Nxf5+ Kd7 42. b4 Rd2+ 43. Ke3 Re2+ 44. Kd3 Re4 45. Rd6+ Kc7 46.
Rd4 Re6 47. Rc4+ Kd7 48. Ng3 Re1 49. Rd4+ Ke6 50. c4 Rg1 51. Ne4 Rd1+ 52. Nd2
g3 53. Ke3 Bc6 54. f5+ Kxf5 55. Rf4+ Ke6 56. Nf3 g2 57. Ng5+ Ke7 58. Nh3 Rh1
59. b5 Rxh3+ 60. Kf2 Rf3+ 61. Rxf3 Bxf3 62. bxa6 Ba8 63. a7 Kd6 64. a6 Kc5 65.
Kg1 Kxc4 66. Kf2 Kb5 67. Kg1 0-1

[Event "Politiken Cup 2007"]
[Site "Helsingor"]
[Date "2007.07.28"]
[Round "9.29"]
[White "Andersen, Ib Hother"]
[Black "Christensen, Stefan"]
[Result "0-1"]
[WhiteElo "2162"]
[BlackElo "2301"]
[PlyCount "54"]
[EventDate "2007.??.??"]

1. e4 e6 2. d4 d5 3. Nc3 Bb4 4. e5 c5 5. a3 Bxc3+ 6. bxc3 Ne7 7. Qg4 Qc7 8.
Qxg7 Rg8 9. Qxh7 cxd4 10. Ne2 Nbc6 11. f4 Bd7 12. Qd3 dxc3 13. h4 O-O-O 14. Rb1
d4 15. Nxd4 Nxd4 16. Qxd4 Bb5 17. Qxa7 Bxf1 18. Rxf1 Rxg2 19. Be3 Nf5 20. Bf2
Rd2 21. Rb5 Nd4 22. Qxd4 Rxd4 23. Bxd4 Qd8 24. Bxc3 Qxh4+ 25. Kd1 Qg4+ 26. Kc1
Qe2 27. Rc5+ Kb8 0-1

[Event "Politiken Cup 2007"]
[Site "Helsingor"]
[Date "2007.07.28"]
[Round "9.30"]
[White "Nielsen, Jacob Woge"]
[Black "Tocklin, Tomi"]
[Result "1-0"]
[WhiteElo "2111"]
[BlackElo "1943"]
[PlyCount "45"]
[EventDate "2007.??.??"]

1. e4 c6 2. d4 d5 3. Nc3 dxe4 4. Nxe4 Nf6 5. Nxf6+ gxf6 6. Nf3 Bf5 7. Be2 e6 8.
Bf4 Bd6 9. Bg3 Qc7 10. c4 Nd7 11. Qa4 Bxg3 12. hxg3 Nb6 13. Qa5 Rg8 14. Rh6 Qd8
15. O-O-O Nd7 16. Qd2 Qc7 17. Nh4 Bg6 18. Nxg6 hxg6 19. Kb1 O-O-O 20. Qe3 c5
21. g4 cxd4 22. Rxd4 Qc5 23. Rxd7 1-0

[Event "Politiken Cup 2007"]
[Site "Helsingor"]
[Date "2007.07.28"]
[Round "9.31"]
[White "Van Eijk, Sander"]
[Black "Petersen, Steen"]
[Result "1-0"]
[WhiteElo "2274"]
[BlackElo "2165"]
[PlyCount "129"]
[EventDate "2007.??.??"]

1. e4 e5 2. f4 exf4 3. Nf3 g5 4. h4 g4 5. Ne5 d6 6. Nxg4 Nf6 7. Nxf6+ Qxf6 8.
Nc3 Nc6 9. Bb5 Kd8 10. Be2 Rg8 11. Bf3 Bh6 12. Ne2 Bg4 13. d4 Kd7 14. Qd3 Bxf3
15. gxf3 Rg2 16. Bd2 Rag8 17. O-O-O a6 18. h5 R8g5 19. Kb1 Rxe2 20. Qxe2 Nxd4
21. Bc3 Nxe2 22. Bxf6 Rg2 23. Rd2 Ke6 24. Re1 Kxf6 25. Rdxe2 Rg5 26. Rh2 Re5
27. c4 Rg5 28. Kc2 Rg3 29. Rf1 Ke5 30. Kd3 Bg5 31. Ke2 Kd4 32. b3 Ke5 33. Rd1
Ke6 34. Kf2 Bf6 35. h6 Rg6 36. Rh5 Be5 37. Rh4 Kf6 38. Rdh1 Ke6 39. Rg4 Kf6 40.
Rxg6+ fxg6 41. Ke2 a5 42. Kd3 b6 43. Rb1 c5 44. a3 Kg5 45. Rh1 Bb2 46. Kc2 Be5
47. Kb1 Bd4 48. Ka2 Bc3 49. Rd1 Bd4 50. Rh1 Bc3 51. Rh2 Be1 52. Kb2 Kf6 53. Re2
Bg3 54. b4 axb4 55. axb4 Ke6 56. b5 Bh4 57. Kc3 Bg5 58. Ra2 Bxh6 59. Ra7 Bg5
60. Rxh7 Bf6+ 61. Kd3 Be7 62. Rg7 g5 63. Rg8 Kd7 64. e5 dxe5 65. Ke4 1-0

[Event "Politiken Cup 2007"]
[Site "Helsingor"]
[Date "2007.07.28"]
[Round "9.32"]
[White "Hagen, Andreas Skytte"]
[Black "Kaaber, Jacob"]
[Result "1-0"]
[WhiteElo "2256"]
[BlackElo "2162"]
[PlyCount "141"]
[EventDate "2007.??.??"]

1. Nf3 c5 2. c4 Nf6 3. Nc3 d5 4. cxd5 Nxd5 5. d4 cxd4 6. Qxd4 Nxc3 7. Qxc3 Nc6
8. e4 Bg4 9. Bb5 Rc8 10. O-O a6 11. Bxc6+ Rxc6 12. Qb3 Bxf3 13. Qxf3 g6 14. Rd1
Qc8 15. Bf4 Bg7 16. e5 O-O 17. Rac1 Rxc1 18. Rxc1 Qd7 19. h4 h5 20. Qc3 e6 21.
b3 Qd5 22. Qc7 Qd4 23. g3 Qd5 24. Kh2 Qd4 25. Rc2 Qe4 26. Rd2 Qf3 27. Kg1 Qe4
28. Kh2 Qf3 29. Kg1 Qe4 30. Qc2 Qxc2 31. Rxc2 Rd8 32. Rc7 Rd5 33. Rc8+ Kh7 34.
Rc7 Kg8 35. Rxb7 Bxe5 36. Bxe5 Rxe5 37. b4 Re2 38. a4 Rb2 39. a5 e5 40. Kf1 e4
41. Ke1 Kf8 42. Rb6 Ke7 43. Kd1 f6 44. Kc1 Rxf2 45. Rxa6 e3 46. Kd1 Kd7 47. b5
g5 48. hxg5 fxg5 49. Ra7+ Kc8 50. b6 Ra2 51. a6 Kb8 52. Rb7+ Ka8 53. Rh7 Rxa6
54. Rxh5 Ra5 55. Rh7 Re5 56. Ke2 Kb8 57. Rc7 Re6 58. Rc5 Rxb6 59. Kxe3 Rf6 60.
Rxg5 Kc7 61. Rd5 Rf1 62. g4 Kc6 63. Rd2 Kc7 64. Ke4 Kc6 65. Ke5 Rf3 66. Ke6 Kc7
67. g5 Rf1 68. g6 Rf3 69. Ke7 Rf1 70. Rc2+ Kb7 71. g7 1-0

[Event "Politiken Cup 2007"]
[Site "Helsingor"]
[Date "2007.07.28"]
[Round "9.33"]
[White "Skovgaard, Peter"]
[Black "Kovachev, Daniel Jakobsen"]
[Result "1/2-1/2"]
[WhiteElo "2256"]
[BlackElo "2153"]
[PlyCount "29"]
[EventDate "2007.??.??"]

1. e4 e5 2. Nf3 Nc6 3. Bb5 a6 4. Bxc6 dxc6 5. O-O f6 6. d4 exd4 7. Nxd4 c5 8.
Nb3 Qxd1 9. Rxd1 Be6 10. Bf4 c4 11. Nd4 O-O-O 12. Nc3 Bf7 13. Nf5 Re8 14. a3
Ne7 15. Ne3 1/2-1/2

[Event "Politiken Cup 2007"]
[Site "Helsingor"]
[Date "2007.07.28"]
[Round "9.34"]
[White "Coleman, Teddy"]
[Black "Corke, Anya"]
[Result "1-0"]
[WhiteElo "2248"]
[BlackElo "2149"]
[PlyCount "63"]
[EventDate "2007.??.??"]

1. d4 d5 2. c4 c6 3. Nc3 Nf6 4. e3 a6 5. Nf3 Bg4 6. h3 Bxf3 7. Qxf3 b5 8. b3 e6
9. Bd3 Nbd7 10. O-O Bb4 11. Bb2 O-O 12. a3 Ba5 13. e4 bxc4 14. bxc4 Rb8 15. Na4
Nb6 16. Nxb6 Rxb6 17. Rab1 Rb3 18. exd5 Kh8 19. dxc6 Qd6 20. d5 Bc3 21. Bc2
Rxb2 22. Qxc3 Rxb1 23. Rxb1 exd5 24. cxd5 Nxd5 25. Qd3 Qg6 26. Qc4 Qg5 27. Qc5
Rd8 28. c7 Rc8 29. Rb8 Qc1+ 30. Kh2 Qf4+ 31. g3 Rxb8 32. c8=Q+ 1-0

[Event "Politiken Cup 2007"]
[Site "Helsingor"]
[Date "2007.07.28"]
[Round "9.36"]
[White "Holst, Conny"]
[Black "Urkedal, Frode"]
[Result "0-1"]
[WhiteElo "2139"]
[BlackElo "2235"]
[PlyCount "90"]
[EventDate "2007.??.??"]

1. d4 Nf6 2. c4 e6 3. Nc3 Bb4 4. e3 b6 5. Bd3 Bb7 6. Nf3 Ne4 7. O-O f5 8. d5
Nxc3 9. bxc3 Bxc3 10. Rb1 O-O 11. e4 Na6 12. exf5 exd5 13. cxd5 Nc5 14. Bc4
Rxf5 15. Qc2 Rxf3 16. gxf3 Qf6 17. f4 Qd4 18. Qe2 Bxd5 19. Bxd5+ Qxd5 20. Rd1
Qf7 21. Qf3 Re8 22. Be3 Ne4 23. Rb3 d5 24. Kh1 d4 25. Bxd4 Qd5 26. Rxc3 Nxc3
27. Qxd5+ Nxd5 28. f5 Rf8 29. Rg1 Nf6 30. Be5 c5 31. f4 Kf7 32. Rd1 Re8 33. Kg2
Re7 34. Kf3 Rd7 35. Rxd7+ Nxd7 36. Bb2 Nf6 37. a4 Ke7 38. Ke3 Kd6 39. Be5+ Kc6
40. Kd3 a6 41. Kc4 b5+ 42. Kb3 Kd5 43. axb5 axb5 44. h4 Ke4 45. Bd6 Nd7 0-1